000 01157cad a22001935a 4500
001 L151196
008 101006e2010 xxk 000 0 eng d
035 _a(Sirsi) u151196
041 0 _aeng
245 0 0 _aMcgahon v Crest Nicholson Regeneration Ltd
_h[electronic resource]
260 _c2010
520 _a[2010] EWCA Civ 842, 21 July 2010. Appellant (M) entered into agreement to purchase a long underlease of an apartment as an off plan purchase. Contract conditional on headlease being agranted by an agreed date after which either party have the right to rescind contract by serving written notice of recission. The headlease was granted and registered with the land registry before M served notice to rescind contract. Held: appeal dismissed. The right to rescind only exists up until the grant of the headlease and does not continue once the headlease has been granted.
590 _aKA
650 2 4 _aMCGAHON V CREST NICHOLSON REGENERATION
651 4 _aUnited Kingdom
_y
690 _aResidential property
_96266
856 4 8 _uhttps://www.bailii.org/ew/cases/EWCA/Civ/2010/842.html
_zView this item free of charge at www.bailli.org
942 _n0
999 _c82730
_d82730